000 01347nam a2200349 4500
003 EG-GICUC
005 20260108090708.0
008 260106s1985 le ||||jr|||| 000 0 ara d
017 _a14 /5636
_bالمكتبة الوطنية(بيروت)
040 _aEG-GiCUC
_bara
_cEG-GiCUC
_dEG-GiCUC
_erda
041 _aara
_hfre
082 0 4 _221
_a149.7
_bB119
092 0 4 _221
_a149.7
_bB119
099 _a149.7 B119
100 1 _aباشلار، غاستون،
_d1884-1962.
_eمؤلف.
245 _aفلسفة الرفض :
_bمبحث فلسفى فى العقل العلمى الجديد /
_cغاستون باشلار ؛ ترجمة خليل احمد خليل
250 _aالطبعة الاولى
264 _aبيروت :
_bدار الحداثة،
_c1985.
300 _a؛ 165 صفحة
_c20 سم
336 _2rdacontent
_atext
337 _2rdamedia
_aUnmediated
338 _2rdacarrier
_avolume
500 _aالترجمة العربية : La Philesophie du Nom
504 _aيشتمل على ارجاعات ببليوجرافية
541 _aد. جابر عصفور ؛
_bالقاهرة ؛
_cإهداء ؛
_d2024.
650 1 7 _aالفلسفة العقلية
_2qrmak
650 1 7 _aالعقلانية
_zqrmak
651 1 _2qrmak
700 1 _aخليل، خليل احمد،
_cمترجم
905 _aNoha
942 _2ddc
_cBK
_e21
_n0
999 _c177465
_d177465